[Event "MCRE_PF19"]
[Site "?"]
[Date "2004.??.??"]
[Round "?"]
[White "Svrsek, Radomir"]
[Black "Binas, Jindrich"]
[Result "1-0"]
[WhiteElo "2194"]
[BlackElo "2175"]
[PlyCount "43"]
[EventDate "2004.??.??"]
[EventType "corr"]
[EventRounds "2"]
[SourceDate "2005.03.12"]

1. d4 d5 2. Nf3 Nf6 3. c4 e6 4. e3 Be7 5. cxd5 exd5 6. Bd3 O-O 7. O-O Re8 8.
Nc3 Nbd7 9. Qc2 Nf8 10. a4 a5 11. Bd2 c6 12. h3 Ng6 13. Rfe1 Bd6 14. e4 dxe4
15. Nxe4 Nxe4 16. Bxe4 Be6 17. Ng5 Qf6 18. Nxe6 Rxe6 19. d5 cxd5 20. Bxd5 Re7
21. Rxe7 Qxe7 22. Qf5 1-0

[Event "MCRE_PF19"]
[Site "?"]
[Date "2004.??.??"]
[Round "?"]
[White "Svrsek, Radomir"]
[Black "Jerabek, Zdenek"]
[Result "1-0"]
[WhiteElo "2194"]
[BlackElo "2221"]
[PlyCount "103"]
[EventDate "2004.??.??"]
[EventType "corr"]
[EventRounds "2"]
[SourceDate "2005.03.12"]

1. e4 c5 2. Nf3 d6 3. d4 cxd4 4. Nxd4 Nf6 5. Nc3 a6 6. Be2 e6 7. O-O b5 8. Bf3
Ra7 9. Re1 Rc7 10. a4 b4 11. Na2 e5 12. Nf5 Nc6 13. Bg5 Be6 14. c3 b3 15. Nc1
h6 16. Bxf6 Qxf6 17. Ne3 Be7 18. Be2 Nb8 19. Nd5 Bxd5 20. exd5 O-O 21. Qxb3
Rfc8 22. a5 Bd8 23. Bd3 Ra7 24. Qc2 Nd7 25. Nb3 g6 26. Nd2 Qe7 27. Nc4 f5 28.
Qd2 Qf8 29. Qe3 Nc5 30. Bc2 Rb7 31. Qe2 Nd7 32. Rab1 Nf6 33. b4 e4 34. Bb3 Nd7
35. f3 Bf6 36. Rec1 Re8 37. Nd2 Ra7 38. Ba4 exf3 39. Qf2 Rc7 40. Nxf3 Re4 41.
Bc2 Rg4 42. h3 Rgc4 43. Bd3 Rxc3 44. Rd1 Ne5 45. Nxe5 Bxe5 46. Bxa6 Qb8 47. b5
Ra3 48. Qd2 Bc3 49. Qxh6 Bxa5 50. Qxg6+ Rg7 51. Qxf5 Ra2 52. Kh1 1-0

[Event "MCRE_PF19"]
[Site "?"]
[Date "2004.??.??"]
[Round "?"]
[White "Svrsek, Radomir"]
[Black "Milos, Vladislav"]
[Result "1-0"]
[WhiteElo "2194"]
[BlackElo "2184"]
[PlyCount "91"]
[EventDate "2004.??.??"]
[EventType "corr"]
[EventRounds "2"]
[SourceDate "2005.03.12"]

1. e4 e5 2. Nf3 Nc6 3. Bb5 a6 4. Ba4 Nf6 5. O-O Be7 6. Re1 b5 7. Bb3 d6 8. c3
O-O 9. d4 Bg4 10. Bc2 Bxf3 11. gxf3 Qd7 12. d5 Na5 13. f4 c6 14. dxc6 Qxc6 15.
Qf3 Rfe8 16. a3 Bd8 17. Nd2 Bb6 18. b4 Nc4 19. Nxc4 Qxc4 20. fxe5 dxe5 21. a4
Rec8 22. Ra3 Qe6 23. Bb3 Qg4+ 24. Qxg4 Nxg4 25. Kg2 Rab8 26. f4 Bc7 27. Kf3 Nf6
28. axb5 axb5 29. Be3 exf4 30. Bd4 Nd7 31. e5 Nf8 32. Kxf4 Ra8 33. Rea1 Rxa3
34. Rxa3 Ng6+ 35. Kf5 Ne7+ 36. Ke4 Nc6 37. Ra6 Nxe5 38. Bxe5 Re8 39. Re6 fxe6
40. Bxc7 Kf7 41. Ke5 g5 42. c4 bxc4 43. Bxc4 Ra8 44. Bxe6+ Ke7 45. b5 Ra1 46.
Bd6+ 1-0

[Event "MCRE_PF19"]
[Site "?"]
[Date "2004.??.??"]
[Round "?"]
[White "Svrsek, Radomir"]
[Black "Postl, Rostislav"]
[Result "1-0"]
[WhiteElo "2194"]
[BlackElo "2309"]
[PlyCount "111"]
[EventDate "2004.??.??"]
[EventType "corr"]
[EventRounds "2"]
[SourceDate "2005.03.12"]

1. e4 e5 2. Nf3 Nc6 3. Bc4 Nf6 4. Ng5 d5 5. exd5 Na5 6. Bb5+ c6 7. dxc6 bxc6 8.
Bd3 Nd5 9. Nf3 Bd6 10. O-O O-O 11. Re1 Bg4 12. h3 Bxf3 13. Qxf3 f5 14. Bxf5 g6
15. Be6+ Kg7 16. Bxd5 Rxf3 17. Bxf3 Qd7 18. d3 Rf8 19. Nd2 Nb7 20. Rb1 Nd8 21.
b4 Ne6 22. Bg4 Qf7 23. Ne4 Be7 24. Bxe6 Qxe6 25. Rb3 Bd8 26. Bb2 Kg8 27. Nc5
Qf5 28. Re2 Bc7 29. a4 g5 30. Ne4 g4 31. hxg4 Qxg4 32. Re1 Kf7 33. b5 Rg8 34.
g3 Rg6 35. Kg2 Rh6 36. c4 c5 37. Bc3 Qh3+ 38. Kf3 Qh5+ 39. Ke3 Qg6 40. a5 Rh2
41. b6 axb6 42. axb6 Qh6+ 43. Ke2 Qh5+ 44. Kd2 Bb8 45. Rb5 Rh1 46. g4 Qh2 47.
Rxh1 Qxh1 48. g5 Qh3 49. Rxc5 Qe6 50. Rc7+ Kg6 51. Rb7 Qc8 52. Re7 Qf8 53. Re6+
Kg7 54. Ke2 Qc8 55. Bxe5+ Kf7 56. Rf6+ 1-0

[Event "MCRE_PF19"]
[Site "?"]
[Date "2004.??.??"]
[Round "?"]
[White "Tkac, Leopold"]
[Black "Binas, Jindrich"]
[Result "1-0"]
[WhiteElo "2112"]
[BlackElo "2175"]
[PlyCount "51"]
[EventDate "2004.??.??"]
[EventType "corr"]
[EventRounds "2"]
[SourceDate "2005.03.12"]

1. Nf3 d5 2. d4 Nf6 3. c4 dxc4 4. e3 e6 5. Bxc4 a6 6. O-O c5 7. b3 b5 8. Be2
Bb7 9. Bb2 Nbd7 10. a4 b4 11. Nbd2 Be7 12. Rc1 O-O 13. dxc5 Bxc5 14. Nc4 Qe7
15. Na5 Bd5 16. Bc4 Rfc8 17. Bxd5 Nxd5 18. Qd3 Ra7 19. Nd4 Qh4 20. Ndc6 Rac7
21. Qxa6 Nxe3 22. fxe3 Bxe3+ 23. Kh1 Bxc1 24. Bxc1 Nc5 25. Qb6 Nd3 26. Qe3 1-0

[Event "MCRE_PF19"]
[Site "?"]
[Date "2004.??.??"]
[Round "?"]
[White "Tkac, Leopold"]
[Black "Milos, Vladislav"]
[Result "1-0"]
[WhiteElo "2112"]
[BlackElo "2148"]
[PlyCount "63"]
[EventDate "2004.??.??"]
[EventType "corr"]
[EventRounds "2"]
[SourceDate "2005.03.12"]

1. d4 d5 2. c4 dxc4 3. e3 e5 4. Bxc4 exd4 5. exd4 Bb4+ 6. Nc3 Nf6 7. Nf3 O-O 8.
O-O Bg4 9. a3 Bd6 10. Re1 Nc6 11. Be3 Bh5 12. Bg5 h6 13. Bh4 g5 14. Bg3 Bxg3
15. hxg3 g4 16. Ne5 Qxd4 17. Nxc6 Qxc4 18. Ne7+ Kg7 19. Rc1 Bg6 20. Ne4 Qa6 21.
Nxf6 Qxf6 22. Nd5 Qxb2 23. Re2 Qxa3 24. Qd4+ Kh7 25. Nf6+ Kh8 26. Nxg4+ Kh7 27.
Nf6+ Kh8 28. Ne8+ f6 29. Rxc7 Raxe8 30. Qf4 Kg8 31. Rxe8 Rxe8 32. Qxf6 1-0

[Event "MCRE_PF19"]
[Site "?"]
[Date "2004.??.??"]
[Round "?"]
[White "Tkac, Leopold"]
[Black "Svrsek, Radomir"]
[Result "1-0"]
[WhiteElo "2112"]
[BlackElo "2194"]
[PlyCount "95"]
[EventDate "2004.??.??"]
[EventType "corr"]
[EventRounds "2"]
[SourceDate "2005.03.12"]

1. e4 c6 2. d4 d5 3. Nc3 dxe4 4. Nxe4 Nd7 5. Bc4 Ngf6 6. Nxf6+ Nxf6 7. c3 Qc7
8. Ne2 e6 9. O-O Bd6 10. Ng3 h5 11. Re1 h4 12. Nf1 h3 13. g3 c5 14. d5 e5 15.
Bg5 Bg4 16. Bb5+ Bd7 17. Bxd7+ Nxd7 18. Qg4 f6 19. Bd2 O-O-O 20. c4 Kb8 21.
Rab1 Nf8 22. b4 g6 23. bxc5 Bxc5 24. Rb5 f5 25. Qe2 Nd7 26. Reb1 Rc8 27. Rxb7+
Qxb7 28. Rxb7+ Kxb7 29. Be3 Bb6 30. Nd2 Rhf8 31. Qf1 Kc7 32. Qxh3 Rh8 33. Qg2
Bxe3 34. fxe3 Kd6 35. e4 Rhf8 36. Qf3 Nc5 37. Qa3 Rc7 38. h4 Rg8 39. Nb3 Rb8
40. exf5 gxf5 41. Kf2 Rb6 42. Nxc5 Rxc5 43. Ke2 a5 44. Qe3 Rb2+ 45. Kd3 Rb4 46.
Qh6+ Kc7 47. Qg7+ Kb6 48. Qf6+ 1-0